| 000 | 00383 a2200145 4500 | ||
|---|---|---|---|
| 005 | 20250628100655.0 | ||
| 020 | _a978- 81-261-6387-8 | ||
| 082 | _a331 PRA | ||
| 100 | _aPRASAD, B. | ||
| 245 | _aLabour Economics. | ||
| 250 | _a2nd Ed. | ||
| 260 |
_aNew Delhi, _bAnmol Publication PVT LTD, _c2001. |
||
| 300 |
_aviii, 304p.: ill.; figure _bBibliography & Index _c23cm |
||
| 942 |
_2ddc _cBKS |
||
| 999 |
_c5942 _d5942 |
||